1729 1274 1460 1831 1765 1203 1455 1837 1114 1437 1362 1073 1221 1008 1787 1995 1771 1111 1658 1254 1459 1324 1060 1755 1869 1519 1157 1721 1544 1937 1203 1847 1199 1206 1900 1279 1917 1274 1765 1152 1220 1864 1264 1756 1313 1139 1623 1492 1944 1680 1157 1202 1563 1050 1505 1961 1875 1104 1408 1947 1552 1239 1071 1998 1428 1859 1637 1659 1538 1527 1914 1770 1312 1927 1733 1442 1959 1460 1411 1045 1135 1425 1965 1973 1795 1546 1988 1496 1188 1019 1295 1206 1142 1284 1124 1394 1233 1032 1904 BCNSPRNW ULIB Ver.6.0+V

เปลี่ยนเป็นภาษาไทย

Change to English
 แสดงรายละเอียดบรรณานุกรม
  กลับหน้าหลัก

Brief Record : Get Marc (ISO 2709) : E-mail record : QR code < ปิดหน้าต่าง
LEADER : 00000nam 2200000uu 4500
001    13399125781
003     ULIB
008    170904s2559||||th 000 0 tha d
020    ^a9786162798818
060 04 ^aWY100^bท337
245 00 ^aทักษะพื้นฐานทางการพยาบาล เล่ม 1 =^bBasic nursing skills /^cบรรณาธิการ, ณัฐสุรางค์ บุญจันทร์, อรุณรัตน์ เทพนา
246 31 ^aBasic nursing skills
250    ^aพิมพ์ครั้งที่ 1
260    ^aกรุงเทพฯ :^bโครงการตำราคณะพยาบาลศาสตร์ มหาวิทยาลัยมหิดล,^c2559
300    ^a272 หน้า ;^bภาพประกอบ ;^c26 ซม.
505 2  ^aบทที่ 1 การป้องกันการติดเชื้อและแพร่กระจายเชื้อ -- บทที่ 2 การดูแลสุขวิทยาส่วนบุคคล -- บทที่ 3 การส่งเสริมสุขภาพด้านการขับถ่ายปัสสาวะ -- บทที่ 4 การส่งเสริมสุขภาพด้านการขับถ่ายอุจจาระ -- บทที่ 5 การให้ออกซิเจน -- บทที่ 6 การดูดเสมหะ -- บทที่ 7 การบริหารยา -- บทที่ 8 การให้สารน้ำทางหลอดเลือดดำและการให้เลือด -- บทที่ 9 การให้อาหารทางสายให้อาหาร -- บทที่ 10 การพันผ้า -- บทที่ 11 การรับผู้ป่วย การส่งต่อผู้ป่วย และการจำหน่ายผู้ป่วยออกจากโรงพยาบาล
650  0 ^aNursing
650  7 ^aการพยาบาล
650  7 ^aการพยาบาลเบื้องต้น
700 0  ^aณัฐสุรางค์ บุญจันทร์,^eบรรณาธิการ
700 0  ^aอรุณรัตน์ เทพนา,^eบรรณาธิการ
710 2  ^aมหาวิทยาลัยมหิดล.^bคณะพยาบาลศาสตร์.^bโครงการตำรา
945    ^p350^l0^i25339
945    ^p350^l0^i25340
945    ^p350^l0^i25341
945    ^p350^l0^i25342
945    ^p350^l0^i25343
945    ^p350^l0^i25344
945    ^p350^l0^i25345
945    ^p350^l0^i25346
945    ^p350^l0^i25347
945    ^p350^l0^i25348
945    ^p350^l0^i25349
945    ^p350^l0^i25350
945    ^p350^l0^i25351
945    ^p350^l0^i25352
945    ^p350^l0^i25353
999    ^aกัณชพร
รายการนี้ยังไม่มีแท็ก
คุณยังไม่ได้ล็อกอิน คุณสามารถมีกิจกรรมร่วมกับเว็บไซต์ได้ แต่ต้องล็อกอินก่อน ::
  ล็อกอิน

รายการสื่อสารสนเทศ

ลำดับที่ ประเภท เลขเรียก/บาร์โค้ด สถานที่ สถานะ
1. หนังสือสำรอง
หนังสือสำรอง
WY100 ท337 ฉ.1 
  Barcode: 25339
ห้องสมุดวิทยาเขตนครสวรรค์
►หนังสือทั่วไป:l:General Books
บนชั้น
2. วิทยาศาสตร์การแพทย์ และสุขภาพ
วิทยาศาสตร์การแพทย์ และสุขภาพ
WY100 ท337 ฉ.10 
  Barcode: 25348
ห้องสมุดวิทยาเขตนครสวรรค์
►หนังสือทั่วไป:l:General Books
บนชั้น
3. วิทยาศาสตร์การแพทย์ และสุขภาพ
วิทยาศาสตร์การแพทย์ และสุขภาพ
WY100 ท337 ฉ.11 
  Barcode: 25349
ห้องสมุดวิทยาเขตนครสวรรค์
►หนังสือทั่วไป:l:General Books
บนชั้น
4. วิทยาศาสตร์การแพทย์ และสุขภาพ
วิทยาศาสตร์การแพทย์ และสุขภาพ
WY100 ท337 ฉ.12 
  Barcode: 25350
ห้องสมุดวิทยาเขตนครสวรรค์
►หนังสือทั่วไป:l:General Books
บนชั้น
5. วิทยาศาสตร์การแพทย์ และสุขภาพ
วิทยาศาสตร์การแพทย์ และสุขภาพ
WY100 ท337 ฉ.13 
  Barcode: 25351
ห้องสมุดวิทยาเขตนครสวรรค์
►หนังสือทั่วไป:l:General Books
บนชั้น
6. วิทยาศาสตร์การแพทย์ และสุขภาพ
วิทยาศาสตร์การแพทย์ และสุขภาพ
WY100 ท337 ฉ.14 
  Barcode: 25352
ห้องสมุดวิทยาเขตนครสวรรค์
►หนังสือทั่วไป:l:General Books
บนชั้น
7. วิทยาศาสตร์การแพทย์ และสุขภาพ
วิทยาศาสตร์การแพทย์ และสุขภาพ
WY100 ท337 ฉ.15 
  Barcode: 25353
ห้องสมุดวิทยาเขตนครสวรรค์
►หนังสือทั่วไป:l:General Books
บนชั้น
8. วิทยาศาสตร์การแพทย์ และสุขภาพ
วิทยาศาสตร์การแพทย์ และสุขภาพ
WY100 ท337 ฉ.2 
  Barcode: 25340
ห้องสมุดวิทยาเขตนครสวรรค์
►หนังสือทั่วไป:l:General Books
บนชั้น
9. วิทยาศาสตร์การแพทย์ และสุขภาพ
วิทยาศาสตร์การแพทย์ และสุขภาพ
WY100 ท337 ฉ.3 
  Barcode: 25341
ห้องสมุดวิทยาเขตนครสวรรค์
►หนังสือทั่วไป:l:General Books
บนชั้น
10. วิทยาศาสตร์การแพทย์ และสุขภาพ
วิทยาศาสตร์การแพทย์ และสุขภาพ
WY100 ท337 ฉ.4 
  Barcode: 25342
ห้องสมุดวิทยาเขตนครสวรรค์
►หนังสือทั่วไป:l:General Books
บนชั้น
11. วิทยาศาสตร์การแพทย์ และสุขภาพ
วิทยาศาสตร์การแพทย์ และสุขภาพ
WY100 ท337 ฉ.5 
  Barcode: 25343
ห้องสมุดวิทยาเขตนครสวรรค์
►หนังสือทั่วไป:l:General Books
บนชั้น
12. วิทยาศาสตร์การแพทย์ และสุขภาพ
วิทยาศาสตร์การแพทย์ และสุขภาพ
WY100 ท337 ฉ.6 
  Barcode: 25344
ห้องสมุดวิทยาเขตนครสวรรค์
►หนังสือทั่วไป:l:General Books
บนชั้น
13. วิทยาศาสตร์การแพทย์ และสุขภาพ
วิทยาศาสตร์การแพทย์ และสุขภาพ
WY100 ท337 ฉ.7 
  Barcode: 25345
ห้องสมุดวิทยาเขตนครสวรรค์
►หนังสือทั่วไป:l:General Books
บนชั้น
14. วิทยาศาสตร์การแพทย์ และสุขภาพ
วิทยาศาสตร์การแพทย์ และสุขภาพ
WY100 ท337 ฉ.8 
  Barcode: 25346
ห้องสมุดวิทยาเขตนครสวรรค์
►หนังสือทั่วไป:l:General Books
บนชั้น
15. วิทยาศาสตร์การแพทย์ และสุขภาพ
วิทยาศาสตร์การแพทย์ และสุขภาพ
WY100 ท337 ฉ.9 
  Barcode: 25347
ห้องสมุดวิทยาเขตนครสวรรค์
►หนังสือทั่วไป:l:General Books
บนชั้น

รายการใกล้เคียง
    หัวเรื่อง [Nursing]
    หัวเรื่อง [การพยาบาล]
    หัวเรื่อง [การพยาบาลเบื้องต้น]

BibComment


ยังไม่เคยถูกคอมเมนท์

คอมเมนท์ทรัพยากรรายการนี้
  คอมเมนท์: ทักษะพื้นฐานทางก..


 Copyright 2026. Bcnsprnw @Library